| 000 | 00379nam a22001457a 4500 | ||
|---|---|---|---|
| 008 | 251010b |||||||| |||| 00| 0 eng d | ||
| 022 | _a09725105 | ||
| 041 | _aeng | ||
| 245 | _aThe IUP Journal Of Applied Finance | ||
| 260 |
_aHyderabad _bIPU Publication _c2025 |
||
| 300 | _a93;. P. | ||
| 651 | _aFinance | ||
| 856 | _uhttps://iupindia.in/applied-finance.asp | ||
| 942 |
_cSR _s1 |
||
| 999 |
_c46507 _d46507 |
||